| 000 | 02631cam a2200289 i 4500 | ||
|---|---|---|---|
| 001 | 15674 | ||
| 003 | DO-SdUEMH | ||
| 005 | 20260122143004.0 | ||
| 007 | ta | ||
| 008 | 211105s2000 dr a|||gr|||| 000 0 spa|d | ||
| 020 | _a9993435007 | ||
| 040 |
_aDO-SdUEMH _bspa _erda |
||
| 041 | _aspa | ||
| 082 | 1 | 4 |
_mRD _aRD 324.27293 C977R _bS471r |
| 084 | _b08-00286 | ||
| 110 | _aComisión Presidencial para la Reforma y Modernización del Estado | ||
| 245 | 1 | 0 |
_aRenovar la política : memorias del primer curso de capacitación para jóvenes líderes de partidos políticos de la República Dominicana / _ccoordinador José Ángel Aquino |
| 260 | _c1999 | ||
| 264 | 0 | 1 |
_aSanto Domingo : _bComisión Presidencial para la Reforma y Modernización del Estado, _c2000 |
| 300 |
_a180 páginas : _bilustraciones ; _c23 cm. |
||
| 336 |
_2rdacontent _atexto _btxt |
||
| 337 |
_2rdamedia _asin mediación _bn |
||
| 338 |
_2rdacarrier _avolumen _bnc |
||
| 505 | 1 | _aPresentación -- Introducción -- Acto inaugural -- Palabras de apertura del Dr. Onofre Rojas -- Palabras del Sr. Paolo Oberti -- Palabras del Lic. Rafael Toribio -- Palabras del Lic. Eduardo Núñez -- Marco introductorio general, por Eduardo Núñez -- La modernización de los partidos políticos: los ejes de la reforma -- Tendencias de la realidad y su impacto en la región, por Carlos Mateo Balmelli -- Rediseño de los partidos políticos, por Carlos Eduardo Mena Keymer -- La modernización de los partidos políticos: las relaciones interinstitucionales desde una perspectiva latinoamericana -- Sistema de partidos y sistemas electorales, por Fernando Tuesta Soldevilla -- Los partidos políticos y los medios de comunicación, por Fernando Rospigliosi -- Partidos políticos y sociedad civil organizada, por Emilio Álvarez-Icaza Longoria -- La modernización de los partidos políticos: experiencias y desafíos desde la perspectiva de los partidos políticos nacionales dominicanos -- Intervención del Dr. Mario Beriguete -- Intervención del Lic. Orlando Jorge Mera -- Intervención del Lic. Domingo Contreras -- Declaración de intenciones para la creación de un centro dominicano de formación política -- Taller grupal No. 1. Constitución del marco de realidad nacional y regional -- Taller grupal No. 2. Situación de los partidos políticos en la República Dominicana -- Taller grupal No. 3. Propuesta de rediseño de los partidos políticos dominicanos -- Guía metodológica para la elaboración de trabajos preparatorios -- Vistas de los participantes en el curso de capacitación de jóvenes líderes políticos. | |
| 942 |
_2ddc _cBK _n0 |
||
| 999 |
_c15674 _d15674 |
||